[Event "XVII MetLife Najdorf Open 2017"]
[Site "Warsaw"]
[Date "2017.07.12"]
[Round "4.48"]
[White "Mis, Mieszko"]
[Black "Lalith Babu M R"]
[Result "0-1"]
[WhiteElo "2137"]
[BlackElo "2530"]
[Annotator "TA"]
[PlyCount "76"]
[EventDate "2017.??.??"]
[EventType "swiss"]
[EventCountry "POL"]
[SourceTitle "playchess.com"]
[Source "ChessBase"]
[SourceQuality "1"]

{[%evp 21,76,24,57,55,55,58,78,69,68,68,63,55,70,82,93,82,128,108,113,41,120,98,101,102,121,120,131,48,44,20,26,0,0,8,52,52,60,43,47,38,47,53,68,66,58,58,60,-137,41,-981,-985,-916,-911,-2479,-2462,-2315,-2122]} 1. Nf3 Nf6 2. g3 d5 3. Bg2 e6 4. O-O Be7 5. d4 O-O 6. c4 c6 7. Nc3 b6 {[%cal Bb7b6,Bb6b5][%mdl 32]} 8. Nd2 Ba6 9. b3 Nbd7 10. e4 Rc8 11. Bb2 dxc4 {LiveBook: 3 Games. E07: Closed Catalan: Main Line (5 Nf3 0-0 6 0-0 Nbd7)} (11... dxe4 12. Re1 c5 13. Ndxe4 cxd4 14. Qxd4 Nc5 15. Qe3 Qc7 16. Nxc5 Bxc5 17. Qf3 Rfd8 18. Ne2 Qe7 19. Rad1 Rxd1 20. Rxd1 {½-½ (48) Kramnik,V (2796)-Karjakin,S (2762) Nizhnij Novgorod 2013}) 12. Nxc4 b5 13. Ne3 $1 b4 {White is slightly better.} 14. Ne2 Nb6 15. Re1 Bb5 16. a4 $146 ({Predecessor:} 16. Nf4) 16... bxa3 $1 17. Bxa3 Rc7 18. Nc3 a6 19. Bxe7 Qxe7 20. e5 (20. Na4 $16 Bxa4 21. bxa4) 20... Nfd7 (20... Nfd5 $14 21. Ne4 Qb4) 21. Ne4 Rd8 {With the idea ...Nxe5.} 22. Qc2 Rb8 23. Rec1 h6 24. Nc5 (24. f4 $16) 24... Nxc5 $14 25. dxc5 Nd5 26. Bxd5 cxd5 27. Qc3 Rbc8 {[%cal Rc7c5]} (27... a5 $5) 28. b4 Rb7 29. Qd4 Rcb8 30. Rcb1 Qd7 31. Ra5 Qc6 32. Nc2 Bc4 33. Qc3 Qc7 {aiming for ...Qxa5!} 34. Na3 $2 {[#]} (34. Rba1 $14) 34... Be2 $2 (34... Ba2 $1 $17 {[%cal Ra2b1]} 35. Nb5 Rxb5 36. Rxa2 {[#]} a5 $1 {[%mdl 512]}) 35. Qe3 $2 {[%mdl 8192]} (35. Qd2 $14 Bg4 36. Rxa6) 35... Rxb4 $19 {Black is clearly winning.} 36. Rxb4 Rxb4 37. Qc3 Qxa5 38. c6 d4 {Precision: White = 49%, Black = 36%.} 0-1

[Event "XVII MetLife Najdorf Open 2017"]
[Site "Warsaw"]
[Date "2017.07.12"]
[Round "4.49"]
[White "Yogesh, Gautam"]
[Black "Nguyen, Piotr"]
[Result "1/2-1/2"]
[WhiteElo "2243"]
[BlackElo "2444"]
[Annotator "TA"]
[PlyCount "33"]
[EventDate "2017.??.??"]
[EventType "swiss"]
[EventCountry "POL"]
[SourceTitle "playchess.com"]
[Source "ChessBase"]
[SourceQuality "1"]

{[%evp 12,33,17,0,41,41,52,54,50,49,70,51,52,3,53,14,96,78,87,78,103,24,27,20]} 1. e4 c6 2. d4 d5 3. f3 e6 4. Nc3 Bb4 5. Bf4 Ne7 6. Nge2 {B12: Caro-Kann: Advance Variation} O-O 7. Qd2 {LiveBook: 6 Games} (7. a3 $5 {[%cal Ra3b4]} Ba5 8. h4 $11) 7... b6 $146 ({Predecessor:} 7... Nd7 8. Bg3 b5 9. Bh4 Nb6 10. b3 Qe8 11. a3 Bd6 12. Bg3 Qd8 13. Bxd6 Qxd6 {1-0 (65) Andreikin,D (2700)-Menkinovski,R (2352) Struga 2012}) 8. O-O-O {White is slightly better.} (8. a3 $5 {[%cal Ra3b4]} Bd6 9. O-O-O $11) 8... Ba6 9. a3 Bd6 10. h4 Bxf4 11. Nxf4 (11. Qxf4 {looks sharper.} Bxe2 12. Bxe2 Nd7 13. h5 b5 14. Kb1) 11... Bxf1 12. Rdxf1 Nd7 13. g4 c5 (13... b5 $11) 14. exd5 $16 cxd4 15. dxe6 Nc5 16. Nb5 ({Better is} 16. Ne4 $16) 16... fxe6 $11 {[#] Threatens to win with ...e5.} 17. Nxd4 {Precision: White = 48%, Black = 56%.} 1/2-1/2

[Event "XVII MetLife Najdorf Open 2017"]
[Site "Warsaw"]
[Date "2017.07.12"]
[Round "4.50"]
[White "Nowak, Kamil"]
[Black "Adamski, Jan"]
[Result "1-0"]
[WhiteElo "2362"]
[BlackElo "2250"]
[Annotator "ChessBase"]
[PlyCount "43"]
[EventDate "2017.??.??"]
[EventType "swiss"]
[EventCountry "POL"]
[SourceTitle "playchess.com"]
[Source "ChessBase"]
[SourceQuality "1"]
[TimeControl "40/5400+30:1800+30"]

1. e4 c5 2. Nf3 e6 3. d4 cxd4 4. Nxd4 a6 5. Nc3 Qc7 6. Be2 b5 7. O-O Bb7 8. Re1 Nc6 9. Nxc6 dxc6 10. e5 c5 11. Bd3 Rd8 12. Qh5 b4 13. Ne4 c4 14. Bf1 Rd5 15. Bf4 Nf6 16. Nxf6+ gxf6 17. b3 c3 18. Bc4 Rd4 19. Bxe6 Rxf4 20. Bxf7+ Qxf7 21. exf6+ Be4 22. Qe5+ 1-0

[Event "XVII MetLife Najdorf Open 2017"]
[Site "Warsaw"]
[Date "2017.07.12"]
[Round "4.51"]
[White "Karwowski, Kacper"]
[Black "Baskin, Robert"]
[Result "1/2-1/2"]
[WhiteElo "2221"]
[BlackElo "2330"]
[Annotator "ChessBase"]
[PlyCount "102"]
[EventDate "2017.??.??"]
[EventType "swiss"]
[EventCountry "POL"]
[SourceTitle "playchess.com"]
[Source "ChessBase"]
[SourceQuality "1"]
[TimeControl "40/5400+30:1800+30"]

1. e4 c6 2. d4 d5 3. exd5 cxd5 4. c4 Nf6 5. Nc3 Nc6 6. Nf3 Be6 7. c5 g6 8. Bb5 Bg7 9. O-O O-O 10. Bxc6 bxc6 11. Ne5 Qc8 12. Qa4 Bd7 13. Re1 e6 14. Bf4 Ne8 15. b4 f6 16. Nxd7 Qxd7 17. b5 Rc8 18. Rab1 e5 19. bxc6 Qe6 20. Qxa7 Rxc6 21. Rb6 Rf7 22. Qa8 Rc8 23. Rxe6 Rxa8 24. dxe5 Nc7 25. Rd6 fxe5 26. Bxe5 Re8 27. f4 Rxf4 28. Bxf4 Rxe1+ 29. Kf2 Bxc3 30. Rd8+ Ne8 31. c6 Kf7 32. c7 Nxc7 33. Rd7+ Re7 34. Rxc7 Rxc7 35. Bxc7 Ke6 36. Ke3 Kd7 37. Bb6 Be5 38. h3 Kc6 39. Bd4 Bc7 40. a4 h5 41. Bc3 Kc5 42. a5 Kc4 43. Be1 d4+ 44. Ke4 d3 45. Bd2 Bb8 46. a6 Ba7 47. Be3 Kc3 48. Bxa7 d2 49. Bd4+ Kc4 50. a7 d1=Q 51. a8=Q Qxd4+ 1/2-1/2

[Event "XVII MetLife Najdorf Open 2017"]
[Site "Warsaw"]
[Date "2017.07.12"]
[Round "4.52"]
[White "Nowak, Lukasz"]
[Black "Kowalczyk, Rafal"]
[Result "1/2-1/2"]
[WhiteElo "2327"]
[BlackElo "2240"]
[Annotator "ChessBase"]
[PlyCount "178"]
[EventDate "2017.??.??"]
[EventType "swiss"]
[EventCountry "POL"]
[SourceTitle "playchess.com"]
[Source "ChessBase"]
[SourceQuality "1"]
[TimeControl "40/5400+30:1800+30"]

1. e4 e5 2. Nf3 Nc6 3. Bb5 a6 4. Ba4 Nf6 5. O-O Be7 6. Re1 b5 7. Bb3 d6 8. c3 O-O 9. h3 Na5 10. Bc2 c5 11. d4 Nd7 12. Nbd2 exd4 13. cxd4 Nc6 14. d5 Nce5 15. Nf1 Nxf3+ 16. Qxf3 Ne5 17. Qh5 Re8 18. Ne3 Bf6 19. Rb1 Ng6 20. Ng4 Bxg4 21. Qxg4 Qa5 22. Bf4 Nxf4 23. Qxf4 Be5 24. Qh4 Qd2 25. Bb3 Bxb2 26. Qg4 Bd4 27. Re2 Qh6 28. Kh1 Rab8 29. f4 c4 30. Bc2 Qg6 31. Qf3 Qf6 32. Rbe1 b4 33. Qg3 Bc3 34. Rf1 b3 35. axb3 cxb3 36. Bb1 b2 37. Qd3 g6 38. Qxa6 Ra8 39. Qd3 Rec8 40. Rc2 Bd4 41. Rc6 Bc5 42. e5 Qe7 43. e6 fxe6 44. Rxc8+ Rxc8 45. dxe6 Qf6 46. Qb5 Ra8 47. Qd7 Ra7 48. e7 Qxe7 49. Qc8+ Qf8 50. Qe6+ Qf7 51. Qc8+ Qf8 52. Qe6+ Qf7 53. Qc8+ Kg7 54. f5 Bd4 55. Qe6 Qxe6 56. fxe6 Be3 57. g4 d5 58. Kg2 Re7 59. Rf7+ Rxf7 60. exf7 Kxf7 61. Kf3 Bg5 62. Kg3 Bd2 63. Kf3 Be1 64. Kf4 Kf6 65. Bc2 Bh4 66. Bb1 Ke6 67. Bc2 Kd6 68. Bb1 Kc5 69. Ke3 Kc4 70. Ke2 Bg5 71. Bd3+ Kc3 72. Bb1 Kd4 73. Bd3 Ke5 74. Kf3 Bh4 75. Bb1 Kd4 76. Ke2 Kc3 77. Bd3 Bg5 78. Bb1 Bf6 79. Bd3 Kb3 80. Bb1 h6 81. Kd3 Be5 82. Ke2 h5 83. gxh5 gxh5 84. Kd3 Bg7 85. Ke2 Kc3 86. Bd3 Kd4 87. Bb1 Ke5 88. Kf3 d4 89. Bd3 h4 1/2-1/2

[Event "XVII MetLife Najdorf Open 2017"]
[Site "Warsaw"]
[Date "2017.07.12"]
[Round "4.53"]
[White "Dmochowska, Agnieszka"]
[Black "Paszewski, Mateusz"]
[Result "1-0"]
[WhiteElo "2202"]
[BlackElo "2323"]
[Annotator "ChessBase"]
[PlyCount "47"]
[EventDate "2017.??.??"]
[EventType "swiss"]
[EventCountry "POL"]
[SourceTitle "playchess.com"]
[Source "ChessBase"]
[SourceQuality "1"]
[TimeControl "40/5400+30:1800+30"]

1. e4 c5 2. c3 d5 3. exd5 Qxd5 4. d4 Nc6 5. Nf3 Bf5 6. Be3 Nf6 7. c4 Qd8 8. d5 Nb4 9. Na3 Qa5 10. Bd2 Rd8 11. Be2 e6 12. O-O Be7 13. Nb5 Ne4 14. a3 Nxd2 15. Qxd2 Nc6 16. Qf4 Nb8 17. g4 Bc2 18. d6 Bf6 19. g5 Bd4 20. b4 Qb6 21. Nfxd4 cxd4 22. c5 Qc6 23. Nc7+ Kd7 24. Bb5 1-0

[Event "XVII MetLife Najdorf Open 2017"]
[Site "Warsaw"]
[Date "2017.07.12"]
[Round "4.54"]
[White "Urazayev, Arystanbek"]
[Black "Sahil, Tickoo"]
[Result "1-0"]
[WhiteElo "2322"]
[BlackElo "2234"]
[Annotator "NA"]
[PlyCount "45"]
[EventDate "2017.??.??"]
[EventType "swiss"]
[EventCountry "POL"]
[SourceTitle "playchess.com"]
[Source "ChessBase"]
[SourceQuality "1"]
[TimeControl "40/5400+30:1800+30"]

1. e4 e6 2. d4 d5 3. Nd2 dxe4 4. Nxe4 Bd7 5. Nf3 Bc6 6. Bd3 Nd7 7. O-O Ngf6 8. Ng3 Be7 9. b3 b5 10. Bb2 Rb8 11. Qe2 O-O 12. Rad1 b4 13. Ne5 Bd5 14. f4 c5 15. Kh1 cxd4 16. Nxd7 Qxd7 17. Bxd4 Ne8 18. f5 f6 19. fxe6 Qxe6 20. Qh5 f5 21. Bxf5 Qh6 22. Qxh6 gxh6 23. Be5 1-0

[Event "XVII MetLife Najdorf Open 2017"]
[Site "Warsaw"]
[Date "2017.07.12"]
[Round "4.55"]
[White "Bednarek, Sylwester"]
[Black "Baasansuren, Erdene"]
[Result "1-0"]
[WhiteElo "2309"]
[BlackElo "2128"]
[Annotator "ChessBase"]
[PlyCount "61"]
[EventDate "2017.??.??"]
[EventType "swiss"]
[EventCountry "POL"]
[SourceTitle "playchess.com"]
[Source "ChessBase"]
[SourceQuality "1"]
[TimeControl "40/5400+30:1800+30"]

1. Nf3 Nf6 2. c4 g6 3. Nc3 Bg7 4. e4 d6 5. d4 O-O 6. Be2 e5 7. O-O Nc6 8. d5 Ne7 9. b4 Ne8 10. c5 f5 11. Ng5 h6 12. Ne6 Bxe6 13. dxe6 fxe4 14. cxd6 Nxd6 15. b5 Kh7 16. Ba3 Nef5 17. Rc1 e3 18. Nd5 Qg5 19. f4 exf4 20. Rxc7 Nh4 21. Bf3 Ndf5 22. Kh1 e2 23. Qxe2 Nd4 24. Bb2 Nhxf3 25. Qxf3 Nxf3 26. Rxg7+ Kh8 27. gxf3 Rf5 28. Rf7+ Re5 29. Bxe5+ Qxe5 30. Nf6 Qxe6 31. Rh7# 1-0

[Event "XVII MetLife Najdorf Open 2017"]
[Site "Warsaw"]
[Date "2017.07.12"]
[Round "4.56"]
[White "Walter, Szymon"]
[Black "Winiarski, Mikolaj"]
[Result "0-1"]
[WhiteElo "2220"]
[BlackElo "2295"]
[Annotator "NA"]
[PlyCount "52"]
[EventDate "2017.??.??"]
[EventType "swiss"]
[EventCountry "POL"]
[SourceTitle "playchess.com"]
[Source "ChessBase"]
[SourceQuality "1"]
[TimeControl "40/5400+30:1800+30"]

1. e4 c5 2. Nf3 d6 3. d4 cxd4 4. Nxd4 Nf6 5. Nc3 g6 6. Be3 Bg7 7. f3 O-O 8. Qd2 Nc6 9. O-O-O d5 10. Qe1 e5 11. Nxc6 bxc6 12. exd5 Nxd5 13. Bc4 Be6 14. Kb1 Rb8 15. Bb3 Qc7 16. Ne4 Nxe3 17. Qxe3 Bxb3 18. axb3 Rfd8 19. g4 Rd4 20. g5 a5 21. Rhe1 a4 22. bxa4 Qb6 23. Qc3 Rxa4 24. b3 Rba8 25. Qb2 R4a6 26. Rd2 Qa7 0-1

[Event "XVII MetLife Najdorf Open 2017"]
[Site "Warsaw"]
[Date "2017.07.12"]
[Round "4.57"]
[White "Sieber, Fiona"]
[Black "Bus, Konrad"]
[Result "1/2-1/2"]
[WhiteElo "2287"]
[BlackElo "2219"]
[Annotator "ChessBase"]
[PlyCount "67"]
[EventDate "2017.??.??"]
[EventType "swiss"]
[EventCountry "POL"]
[SourceTitle "playchess.com"]
[Source "ChessBase"]
[SourceQuality "1"]
[TimeControl "40/5400+30:1800+30"]

1. e4 e5 2. Nf3 Nc6 3. Bb5 Nf6 4. O-O Nxe4 5. d4 Nd6 6. Bxc6 dxc6 7. dxe5 Nf5 8. Qxd8+ Kxd8 9. Nc3 Ke8 10. h3 Be6 11. g4 Ne7 12. Nh2 Nd5 13. Nxd5 Bxd5 14. Be3 h5 15. f3 a5 16. a4 Be7 17. Kg2 c5 18. Rfd1 Rd8 19. Nf1 Bc6 20. Rxd8+ Kxd8 21. c4 Kd7 22. b3 Ke6 23. Rd1 hxg4 24. hxg4 b6 25. Bc1 g6 26. Ne3 Rd8 27. Bb2 Rxd1 28. Nxd1 Bf8 29. Nf2 Bh6 30. Nh3 Be3 31. Kg3 g5 32. f4 gxf4+ 33. Nxf4+ Bxf4+ 34. Kxf4 1/2-1/2

[Event "XVII MetLife Najdorf Open 2017"]
[Site "Warsaw"]
[Date "2017.07.12"]
[Round "4.58"]
[White "Rakesh Kumar Jena"]
[Black "Ghadiri, Radmehr"]
[Result "1-0"]
[WhiteElo "2283"]
[BlackElo "2125"]
[Annotator "ChessBase"]
[PlyCount "55"]
[EventDate "2017.??.??"]
[EventType "swiss"]
[EventCountry "POL"]
[SourceTitle "playchess.com"]
[Source "ChessBase"]
[SourceQuality "1"]
[TimeControl "40/5400+30:1800+30"]

1. Nf3 e6 2. d4 Nf6 3. Bf4 d5 4. e3 c5 5. Nbd2 Nc6 6. c3 Bd6 7. Bg3 Qe7 8. Bd3 e5 9. dxe5 Nxe5 10. Bxe5 Bxe5 11. Bb5+ Bd7 12. Bxd7+ Nxd7 13. Qb3 d4 14. cxd4 Bxd4 15. Nc4 O-O 16. O-O Bf6 17. Qxb7 Qe6 18. Rad1 Nb6 19. Nd6 Qxa2 20. e4 Bxb2 21. e5 c4 22. Qe4 c3 23. Ng5 g6 24. Qh4 h5 25. Qe4 Qa4 26. Rd4 Qa2 27. e6 f5 28. Qb7 1-0

[Event "XVII MetLife Najdorf Open 2017"]
[Site "Warsaw"]
[Date "2017.07.12"]
[Round "4.59"]
[White "AlHuwar, Jasem"]
[Black "Domanski, Lukasz"]
[Result "1-0"]
[WhiteElo "2275"]
[BlackElo "2113"]
[Annotator "ChessBase"]
[PlyCount "55"]
[EventDate "2017.??.??"]
[EventType "swiss"]
[EventCountry "POL"]
[SourceTitle "playchess.com"]
[Source "ChessBase"]
[SourceQuality "1"]
[TimeControl "40/5400+30:1800+30"]

1. Nf3 d6 2. d4 Nf6 3. g3 g6 4. b3 Bg7 5. Bb2 O-O 6. Bg2 c5 7. O-O Nbd7 8. c4 a6 9. Nc3 Rb8 10. a4 cxd4 11. Nxd4 Nc5 12. b4 Ne6 13. Nb3 b6 14. Qd2 Bb7 15. Nd5 Nd7 16. Bxg7 Kxg7 17. a5 Bxd5 18. cxd5 Nc7 19. Nd4 Rb7 20. Nc6 Qe8 21. axb6 Na8 22. Rxa6 Naxb6 23. Rfa1 Kg8 24. Qd4 Nc8 25. R1a3 Ndb6 26. Re3 Nd7 27. Bh3 h6 28. Qh4 1-0

[Event "XVII MetLife Najdorf Open 2017"]
[Site "Warsaw"]
[Date "2017.07.12"]
[Round "4.60"]
[White "Fieberg, Samuel"]
[Black "Nowicki, Bartosz"]
[Result "1-0"]
[WhiteElo "2169"]
[BlackElo "2262"]
[Annotator "ChessBase"]
[PlyCount "101"]
[EventDate "2017.??.??"]
[EventType "swiss"]
[EventCountry "POL"]
[SourceTitle "playchess.com"]
[Source "ChessBase"]
[SourceQuality "1"]
[TimeControl "40/5400+30:1800+30"]

1. e4 c5 2. Nf3 d6 3. d4 cxd4 4. Nxd4 Nf6 5. Nc3 Nc6 6. Be2 e5 7. Nf3 h6 8. O-O Be7 9. Re1 O-O 10. h3 Be6 11. Bf1 Rc8 12. Nd5 Bxd5 13. exd5 Nb4 14. c4 a5 15. Bd2 Na6 16. a3 Nd7 17. b4 axb4 18. axb4 f5 19. Qb3 Bf6 20. Bc3 Kh7 21. Qb2 Nb6 22. Qb3 Rf7 23. Rac1 Rfc7 24. Bd2 e4 25. Nh2 Bd4 26. g3 Qf6 27. Kg2 g5 28. g4 Re7 29. gxf5 Qxf5 30. Be3 Bxe3 31. Qxe3 Nd7 32. f3 Nf6 33. fxe4 Qe5 34. Bd3 Kg7 35. Rb1 Qc3 36. Rec1 Rxe4 37. Qxg5+ hxg5 38. Rxc3 Re3 39. Rcb3 Nh5 40. Bf1 Re4 41. Ng4 Rd4 42. Re3 Rd2+ 43. Kg1 Rc7 44. Rbe1 Kf7 45. Re6 Rd7 46. Rh6 Ng7 47. Rf6+ Kg8 48. Bg2 Nxb4 49. Nh6+ Kh8 50. Rf8+ Kh7 51. Be4+ 1-0

[Event "XVII MetLife Najdorf Open 2017"]
[Site "Warsaw"]
[Date "2017.07.12"]
[Round "4.61"]
[White "Sliwicka, Alicja"]
[Black "Zlatin, Alexander"]
[Result "1-0"]
[WhiteElo "2164"]
[BlackElo "2259"]
[Annotator "ChessBase"]
[PlyCount "63"]
[EventDate "2017.??.??"]
[EventType "swiss"]
[EventCountry "POL"]
[SourceTitle "playchess.com"]
[Source "ChessBase"]
[SourceQuality "1"]
[TimeControl "40/5400+30:1800+30"]

1. e4 e5 2. Nf3 Nc6 3. Bb5 a6 4. Ba4 Nf6 5. O-O b5 6. Bb3 Bc5 7. Nxe5 Nxe5 8. d4 Bxd4 9. Qxd4 d6 10. f4 Nc6 11. Qc3 Ne7 12. e5 Ne4 13. Qf3 d5 14. Nc3 Bb7 15. f5 c5 16. f6 Nxc3 17. fxg7 Rg8 18. Qxf7+ Kd7 19. e6+ Kc6 20. bxc3 c4 21. Bg5 Kd6 22. Bxc4 bxc4 23. Rab1 Bc6 24. Bf4+ Kc5 25. Bc1 Be8 26. Ba3+ Kc6 27. Qf2 d4 28. Bxe7 Qd5 29. Bf6 Bh5 30. Bxd4 Rab8 31. Rxb8 Rxb8 32. Qf8 1-0

[Event "XVII MetLife Najdorf Open 2017"]
[Site "Warsaw"]
[Date "2017.07.12"]
[Round "4.62"]
[White "Priyanka Nutakki"]
[Black "Schroeder, Kevin"]
[Result "0-1"]
[WhiteElo "2104"]
[BlackElo "2321"]
[Annotator "ChessBase"]
[PlyCount "72"]
[EventDate "2017.??.??"]
[EventType "swiss"]
[EventCountry "POL"]
[SourceTitle "playchess.com"]
[Source "ChessBase"]
[SourceQuality "1"]
[TimeControl "40/5400+30:1800+30"]

1. e4 c6 2. d4 d5 3. Nd2 g6 4. Ngf3 Bg7 5. c3 dxe4 6. Nxe4 Nf6 7. Bd3 O-O 8. O-O Nbd7 9. Nxf6+ exf6 10. Bf4 Nb6 11. h3 Be6 12. Re1 a5 13. a4 Rc8 14. Bf1 Re8 15. Nd2 f5 16. Nb3 Nd5 17. Bd2 b6 18. c4 Nf6 19. Rc1 Ne4 20. Be3 Qd6 21. Bd3 Red8 22. Qc2 Qb4 23. f3 Ng3 24. Bd2 Qd6 25. Be3 c5 26. d5 Bd7 27. Nd2 Re8 28. Bf2 Nh5 29. Nf1 Qf6 30. b3 Nf4 31. Qd2 Bh6 32. Be3 Rxe3 33. Rxe3 Qd4 34. Bb1 Qxd2 35. Nxd2 Nxh3+ 36. Kf1 Bxe3 0-1

[Event "XVII MetLife Najdorf Open 2017"]
[Site "Warsaw"]
[Date "2017.07.12"]
[Round "4.64"]
[White "Kujawski, Adam"]
[Black "Kiolbasa, Oliwia"]
[Result "1-0"]
[WhiteElo "2300"]
[BlackElo "2253"]
[Annotator "ChessBase"]
[PlyCount "91"]
[EventDate "2017.??.??"]
[EventType "swiss"]
[EventCountry "POL"]
[SourceTitle "playchess.com"]
[Source "ChessBase"]
[SourceQuality "1"]
[TimeControl "40/5400+30:1800+30"]

1. Nf3 d5 2. c4 d4 3. g3 Nc6 4. Bg2 g6 5. d3 Bg7 6. Nbd2 e5 7. b4 Nge7 8. b5 Nb8 9. h4 h5 10. a4 a5 11. O-O Nd7 12. Nb3 Ra7 13. e3 dxe3 14. Bxe3 b6 15. Ra2 O-O 16. Re1 Nf5 17. Bg5 f6 18. Bc1 Bb7 19. d4 exd4 20. Nbxd4 Ne5 21. Rd2 Nxd4 22. Rxd4 Nxf3+ 23. Bxf3 Bxf3 24. Rxd8 Bxd1 25. Rexd1 Ra8 26. Rxa8 Rxa8 27. Rd7 Rc8 28. Bf4 Bf8 29. Bxc7 Bc5 30. Kf1 Re8 31. Rd8 Rxd8 32. Bxd8 Kf7 33. Ke2 Ke6 34. Bc7 g5 35. hxg5 fxg5 36. Bd8 Kf5 37. f3 Kg6 38. Kf1 Kf5 39. Ke2 Kg6 40. g4 h4 41. Kf1 h3 42. Bc7 Kf6 43. f4 gxf4 44. Bxf4 Kg6 45. Ke2 Bg1 46. Kf3 1-0

[Event "XVII MetLife Najdorf Open 2017"]
[Site "Warsaw"]
[Date "2017.07.12"]
[Round "4.65"]
[White "Kucza, Karol"]
[Black "Michalczak, Thomas"]
[Result "1-0"]
[WhiteElo "2297"]
[BlackElo "2239"]
[Annotator "ChessBase"]
[PlyCount "209"]
[EventDate "2017.??.??"]
[EventType "swiss"]
[EventCountry "POL"]
[SourceTitle "playchess.com"]
[Source "ChessBase"]
[SourceQuality "1"]
[TimeControl "40/5400+30:1800+30"]

1. e4 e5 2. Nf3 Nc6 3. Bb5 a6 4. Ba4 Nf6 5. O-O Be7 6. Re1 b5 7. Bb3 d6 8. c3 O-O 9. h3 Nb8 10. d4 Nbd7 11. Nbd2 Bb7 12. Bc2 Re8 13. a4 c6 14. b4 Bf8 15. Bb2 Qc7 16. c4 Rab8 17. axb5 axb5 18. cxb5 cxb5 19. d5 Nb6 20. Bd3 Na4 21. Qb3 Nxb2 22. Qxb2 Bc8 23. Rec1 Qd8 24. Nb3 Nh5 25. Na5 Nf4 26. Bf1 Qf6 27. Nc6 Rb7 28. Ra8 Bd7 29. Rxe8 Bxe8 30. Kh2 Nxh3 31. Qd2 Nxf2 32. Na5 Nxe4 33. Qe3 Rb8 34. Re1 Nf2 35. Qxf2 Qf4+ 36. Kg1 Qxb4 37. Nc6 Bxc6 38. dxc6 d5 39. Rc1 e4 40. Qa7 Qa3 41. Qxa3 Bxa3 42. c7 Rc8 43. Rc6 Bb4 44. Nd4 Ba5 45. Nxb5 Kf8 46. g3 g6 47. Bh3 f5 48. g4 e3 49. Kf1 d4 50. Nxd4 Bxc7 51. Rxc7 Rxc7 52. Ne6+ Ke7 53. Nxc7 fxg4 54. Bxg4 Kd6 55. Ne6 h5 56. Bh3 Ke5 57. Ke2 Ke4 58. Bg2+ Kf5 59. Nc7 Kf4 60. Nd5+ Kg3 61. Nxe3 g5 62. Bc6 g4 63. Nf1+ Kh3 64. Kf2 Kh4 65. Ng3 Kg5 66. Ne2 h4 67. Bd7 Kh5 68. Nf4+ Kg5 69. Nd5 g3+ 70. Kg2 Kh5 71. Kh3 Kg5 72. Bc8 Kh5 73. Nf4+ Kg5 74. Ng2 Kf6 75. Kxh4 Ke5 76. Kg4 Ke4 77. Bf5+ Ke5 78. Bh7 Kd4 79. Kxg3 Ke5 80. Kf3 Kd4 81. Kf4 Kd5 82. Ne3+ Kd4 83. Be4 Kc5 84. Ke5 Kb5 85. Bd5 Kc5 86. Nc2 Kb5 87. Kd4 Kb6 88. Ne1 Kc7 89. Ke5 Kb6 90. Nd3 Kb5 91. Bb3 Kc6 92. Ba4+ Kb6 93. Kd6 Ka5 94. Bd7 Kb6 95. Nb4 Ka5 96. Nd5 Ka6 97. Kc5 Ka5 98. Kc4 Ka6 99. Kb4 Kb7 100. Kb5 Ka7 101. Bc8 Kb8 102. Ba6 Ka7 103. Ne7 Kb8 104. Kb6 Ka8 105. Bb7+ 1-0

[Event "XVII MetLife Najdorf Open 2017"]
[Site "Warsaw"]
[Date "2017.07.12"]
[Round "4.66"]
[White "Reza, Wojciech"]
[Black "Heinemann, Josefine"]
[Result "0-1"]
[WhiteElo "2258"]
[BlackElo "2294"]
[Annotator "ChessBase"]
[PlyCount "84"]
[EventDate "2017.??.??"]
[EventType "swiss"]
[EventCountry "POL"]
[SourceTitle "playchess.com"]
[Source "ChessBase"]
[SourceQuality "1"]
[TimeControl "40/5400+30:1800+30"]

1. c4 c5 2. Nc3 Nf6 3. g3 d5 4. cxd5 Nxd5 5. Bg2 Nc7 6. d3 e5 7. Be3 Be7 8. Rc1 Ne6 9. Nf3 Nc6 10. O-O f6 11. Nd2 Ncd4 12. a3 O-O 13. Nd5 Rb8 14. b4 b6 15. Bxd4 Nxd4 16. e3 Ne6 17. Qb3 Kh8 18. b5 Bb7 19. Nb1 Qd7 20. Nbc3 Bd6 21. f4 exf4 22. gxf4 Rfd8 23. Qd1 Qf7 24. Rf2 Rd7 25. f5 Nf8 26. Qg4 Rbd8 27. Be4 Be5 28. Nf4 Bxe4 29. dxe4 Bxc3 30. Rxc3 Rd1+ 31. Kg2 R8d2 32. Rc2 Rxf2+ 33. Kxf2 Rd6 34. Qg3 Rd8 35. Nd5 Qe8 36. Qh4 Qxb5 37. Nxf6 Qd3 38. Re2 gxf6 39. Qxf6+ Kg8 40. Kf3 Qd1 41. e5 Rd2 42. Qg5+ Ng6 0-1

[Event "XVII MetLife Najdorf Open 2017"]
[Site "Warsaw"]
[Date "2017.07.12"]
[Round "4.67"]
[White "Krstulovic, Alex"]
[Black "Niekras, Dawid"]
[Result "1/2-1/2"]
[WhiteElo "2252"]
[BlackElo "2291"]
[Annotator "ChessBase"]
[PlyCount "69"]
[EventDate "2017.??.??"]
[EventType "swiss"]
[EventCountry "POL"]
[SourceTitle "playchess.com"]
[Source "ChessBase"]
[SourceQuality "1"]
[TimeControl "40/5400+30:1800+30"]

1. d4 Nf6 2. c4 g6 3. Nc3 Bg7 4. e4 d6 5. Be2 O-O 6. Nf3 e5 7. O-O Na6 8. Re1 Qe8 9. Bg5 h6 10. Bxf6 Bxf6 11. c5 Bg7 12. Bxa6 bxa6 13. dxe5 dxe5 14. Nd5 Rb8 15. Nxc7 Qc6 16. Nd5 Qxc5 17. Rc1 Qd6 18. Rc7 Kh7 19. Nd2 Rb7 20. Nc4 Qe6 21. Rc5 Rd7 22. Re2 Bb7 23. Rd2 Rfd8 24. Na5 Ba8 25. Rc7 Rxc7 26. Nxc7 Rxd2 27. Qxd2 Qxa2 28. f3 Bxe4 29. fxe4 Qb1+ 30. Kf2 Qxe4 31. Nd5 Qf5+ 32. Kg1 Qb1+ 33. Kf2 Qf5+ 34. Kg3 h5 35. Qe3 1/2-1/2

[Event "XVII MetLife Najdorf Open 2017"]
[Site "Warsaw"]
[Date "2017.07.12"]
[Round "4.68"]
[White "Khalafova, Narmin"]
[Black "Siekanski, Janusz"]
[Result "1-0"]
[WhiteElo "2224"]
[BlackElo "2287"]
[Annotator "ChessBase"]
[PlyCount "49"]
[EventDate "2017.??.??"]
[EventType "swiss"]
[EventCountry "POL"]
[SourceTitle "playchess.com"]
[Source "ChessBase"]
[SourceQuality "1"]
[TimeControl "40/5400+30:1800+30"]

1. e4 c5 2. Nf3 e6 3. d4 cxd4 4. Nxd4 Nf6 5. Nc3 d6 6. g4 Nc6 7. g5 Nd7 8. Be3 Be7 9. h4 O-O 10. f4 a6 11. a3 Re8 12. Rg1 Bf8 13. h5 Nxd4 14. Qxd4 e5 15. Qd2 exf4 16. Bxf4 Ne5 17. Be2 Be6 18. O-O-O Rc8 19. Rg3 Qc7 20. Rh1 b5 21. g6 fxg6 22. hxg6 Nxg6 23. Bh5 Bf7 24. Bxg6 Bxg6 25. Rxg6 1-0